| 000 | 01180nam a22001577a 4500 | ||
|---|---|---|---|
| 999 |
_c517306 _d517306 |
||
| 008 | 210708b ||||| |||| 00| 0 eng d | ||
| 100 |
_aHarwood, Mark A. _926337 |
||
| 245 | _aDemocratisation without coercion: parliamentary bodies as democracy promoters in the Mediterranean | ||
| 260 | _aParliamentary Affairs: A Journal of Representative Politics | ||
| 300 | _a73(4), Oct, 2020: p.790-807 | ||
| 520 | _aIn an attempt to decentre the debate of democracy promotion in the Mediterranean, this article applies social constructivism to an analysis of the work undertaken by two International Parliamentary Bodies in the Mediterranean. With a focus on the European Parliament and the Parliamentary Assembly of the Mediterranean, we analyse how effective their role can be without coercion and move on to discuss whether newly formed democratic parliaments, as in Tunisia, may represent a more legitimate and viable source of parliamentary-driven democracy promotion. – Reproduced | ||
| 650 |
_aMediterranean, Parliamentary Bodies, European Parliament _926338 |
||
| 773 | _aParliamentary Affairs: A Journal of Representative Politics | ||
| 906 | _aDEMOCRACY | ||
| 942 | _cAR | ||